Megkezdődtek az egyetemi napok

Elmentve itt :
Bibliográfiai részletek
Dokumentumtípus: Cikk
Megjelent: 1968-10-22
Sorozat:Délmagyarország 58 No. 248
Kulcsszavak:Hantos Mihály, Papp Gyula, Hevér László, Szegedi Egyetemi Napok 1968, Egyetemi napok - III. Szegedi Egyetemi Napok
Online Access:http://dmarchiv.bibl.u-szeged.hu/56000
LEADER 00505nab a2200145 i 4500
001 delm56000
005 20180927141843.0
008 180927s1968 hu o 0|| hun d
040 |a SZTE Délmagyarország Archívum  |b hun 
041 |a hun 
245 0 0 |a Megkezdődtek az egyetemi napok  |h [elektronikus dokumentum] 
260 |c 1968-10-22 
300 |a 3 
490 0 |a Délmagyarország  |v 58 No. 248 
695 |a Hantos Mihály, Papp Gyula, Hevér László, Szegedi Egyetemi Napok 1968, Egyetemi napok - III. Szegedi Egyetemi Napok